Escudos de fútbol de selecciones - Estadísticas

Estadísticas generales
  • Esta prueba ha sido intentada 200 veces
  • La puntuación promedio es 13 de 20
Estadísticas de respuestas
Imagen Respuesta % Correcto
Albania
100%
Argentina
100%
Brasil
100%
Camerún
100%
Catar
100%
China
100%
Colombia
100%
Corea del Norte
100%
Dinamarca
100%
Dominica
100%
Ecuador
100%
Emiratos Árabes Unidos
100%
Eslovaquia
100%
Eslovenia
100%
España
100%
Gales
100%
Gibraltar
100%
Granada
100%
Grecia
100%
Inglaterra
100%
Irán
100%
Irlanda del Norte
100%
Israel
100%
Jamaica
100%
Líbano
100%
Lituania
100%
Marruecos
100%
México
100%
Países Bajos
100%
Paraguay
100%
Rusia
100%
San Marino
100%
Senegal
100%
Sudáfrica
100%
Sudán del Sur
100%
Surinam
100%
Tahití
100%
Turquía
100%
Ucrania
100%
Uruguay
100%
Vietnam
93%
Belice
92%
Costa Rica
92%
Alemania
91%
Chipre
91%
Suecia
91%
Escocia
90%
Gabón
90%
Irak
90%
Arabia Saudita
89%
Austria
89%
Canadá
89%
Finlandia
89%
Irlanda
89%
Panamá
89%
República del Congo
89%
Túnez
89%
Egipto
88%
Ghana
88%
Jordania
88%
Maldivas
88%
Croacia
86%
Honduras
86%
Italia
86%
Kazajistán
86%
Laos
86%
Nicaragua
86%
Bulgaria
83%
Islas Salomón
83%
Luxemburgo
83%
Níger
83%
Omán
83%
Polonia
83%
República Checa
83%
República Democrática del Congo
83%
Rumania
83%
Somalia
83%
Chile
82%
Islas Cook
82%
Perú
82%
Seychelles
82%
Turkmenistán
82%
Bélgica
80%
Bolivia
80%
Bosnia y Herzegovina
80%
Filipinas
80%
Mali
80%
Nigeria
80%
Noruega
80%
República Centroafricana
80%
Trinidad y Tobago
79%
Francia
78%
Japón
78%
Mozambique
78%
Venezuela
78%
Azerbaiyán
75%
Hungría
75%
Liberia
75%
Mauritania
75%
Papúa Nueva Guinea
75%
Guyana
73%
Islandia
73%
Montenegro
73%
Nepal
73%
Nueva Zelanda
73%
República Dominicana
73%
Australia
71%
Bután
71%
Eritrea
71%
Gambia
71%
Namibia
71%
Suiza
71%
Tailandia
71%
Curazao
70%
Benín
67%
Corea
67%
Costa de Marfil
67%
Estados Unidos
67%
Kenia
67%
Libia
67%
Macedonia del Norte
67%
Tanzania
67%
Andorra
64%
Sri Lanka
64%
Haití
63%
Santo Tomé y Príncipe
63%
Zimbabue
63%
Burundi
60%
Chad
60%
Guinea
60%
Letonia
60%
Yemen
60%
Uzbekistán
58%
Armenia
57%
Bahamas
57%
Baréin
57%
Etiopía
57%
Malaui
57%
Vanuatu
57%
Argelia
56%
Guinea Ecuatorial
56%
Macao
56%
Mauricio
56%
Moldavia
56%
Sierra Leona
56%
Tayikistán
56%
Estonia
53%
Angola
50%
Antigua y Barbuda
50%
Aruba
50%
Cabo Verde
50%
Fiyi
50%
Hong Kong
50%
India
50%
Lesoto
50%
Malasia
50%
Palestina
50%
Portugal
50%
Samoa
50%
Santa Lucía
50%
Serbia
50%
Tonga
50%
Barbados
45%
Togo
45%
Afganistán
44%
Esuatini
43%
Islas Turcas y Caicos
43%
San Vicente y las Granadinas
43%
Malta
40%
Ruanda
40%
Siria
40%
Uganda
40%
Botsuana
38%
Indonesia
38%
Sudán
38%
Yibuti
38%
Bermudas
33%
Brunéi
33%
Guam
33%
Kuwait
33%
Liechtenstein
33%
Montserrat
33%
Camboya
31%
Anguila
30%
Singapur
30%
Bangladés
29%
Burkina Faso
29%
Guatemala
29%
Bielorrusia
25%
El Salvador
25%
Georgia
25%
Islas Feroe
25%
Islas Vírgenes Británicas
25%
Islas Vírgenes de los Estados Unidos
25%
Madagascar
25%
Timor Oriental
25%
Kosovo
22%
Nueva Caledonia
20%
Pakistán
20%
Mongolia
17%
Samoa Americana
17%
Comoras
14%
Puerto Rico
14%
Myanmar
11%
Islas Caimán
9%
Guinea-Bissau
8%
China Taipéi
0%
Cuba
0%
Kirguistán
0%
San Cristóbal y Nieves
0%
Zambia
0%
No se encontraron pruebas coincidentes
Distribución de puntuación
Porcentaje de gente con cada puntuación
Porcentaje por número respondido
Historial de tus puntuaciones
No has intentado esta prueba.